000
00221 a2200109 4500
020
_a
9781605377544
041
_a
spa
100
_a
Berg, Esther van den
245
_a
Hop aprende a nadar
942
_c
BK
999
_c
29933
_d
29931
999
_d
29931